| 000 | 00430nam a2200181Ia 4500 | ||
|---|---|---|---|
| 001 | 1799 | ||
| 005 | 20260306143755.0 | ||
| 008 | 260306t1984||||xx |||||||||||||| ||spa|| | ||
| 041 | _aESP | ||
| 082 |
_a155.4 _bV99 T. 4 |
||
| 100 |
_aVigotski, Lev Semiónovich _eAUT |
||
| 245 | 0 |
_aObras escogidas: _bpsicología infantil |
|
| 260 | _c1984 | ||
| 300 |
_a _c24 cm. |
||
| 650 | _aGEN | ||
| 654 | _aCPS | ||
| 942 |
_cLIB _dJUS _fJUS _2ddc _n |
||
| 999 |
_c1799 _d1799 |
||